| 000 | 01019nam a22003017a 4500 | ||
|---|---|---|---|
| 001 | 4694 | ||
| 003 | FISKH | ||
| 005 | 20240923085606.0 | ||
| 008 | 240923b cb ||||| |||| 00| 0 eng d | ||
| 020 | _a9780553157369 | ||
| 040 |
_aFISKH _beng _cFISKH _dFISKH |
||
| 050 | _aPZ7.S68524 | ||
| 082 | _2511 | ||
| 100 |
_aJ.Sobol, Donald _d(1924–2012) |
||
| 245 |
_aEncyclopedia brown and the case of the secret pitch / _cBy Donald J.Sobol Illustrated by Leonard Shortall |
||
| 250 | _a1978 | ||
| 260 |
_aNew York : _bA Bantam Skylar, _c1978. |
||
| 300 |
_a112 pages : _billustrations ; _c20cm |
||
| 505 | _aP | ||
| 520 | _aAmerica's Sherlock Holmes in sneakers continues his war on crime in ten more cases, the solutions to which are found in the back of the book. | ||
| 521 | 8 |
_a630L
_bLexile |
|
| 521 | 8 |
_aP
_bRaz-Plus |
|
| 650 |
_2Chapter book _aChildren _vDetective |
||
| 650 |
_2Children's books _aSeries _vMystery |
||
| 700 |
_aShortall, Leonard _dIllustrator |
||
| 942 |
_2ddc _cBK _n0 |
||
| 999 |
_c4694 _d4694 |
||